Історія світової культури. Культурні регіони (Запис № 312605)

МАРК-запис
000 -Лідер
fixed length control field 00647nam a22002417a 4500
001 - Контрольний номер
control field 26286
003 - Ідентифікатор контрольного номера
control field UA-OsUOA
005 - Дата та час останнього входження (трансакції)
control field 20241106164122.0
007 - Фіксоване поле фізичного опису
fixed length control field ta
008 - Елементи даних фіксованої довжини – загальна інформація
fixed length control field 20040525b un ||||| |||| 00| 0 ukr d
020 ## - Міжнародний стандартний книжковий номер (ISBN)
Міжнародний стандартний книжковий номер (ISBN) (НП) 966-06-0171-9
040 ## - Джерело каталогізації
Агенція оригінальної каталогізації UA-OsUOA
Мова каталогізації ukr
Агенція, яка здійснювала перезапис UA-OsUOA
Агенція, яка здійснювала модифікацію UA-OsUOA
041 ## - Код мови
Код мови тексту/ звукової доріжки чи окремого заголовка (П) ukr
044 ## - Код країни видавця/ виробника
Код країни видавця/ виробника (П) UA
080 ## - Індекс Універсальної десяткової класифікації
Індекс Універсальної десяткової класифікації (УДК) (НП) 088(100)(091)
090 ## - Локальний шифр розміщення
Класифікаційний індекс УДК 088(100)(091)
Авторський знак (НП) І90
245 ## - Відомості про назву
Назва (НП) Історія світової культури. Культурні регіони
Решта назви (НП) навч. пос.
Дані про відповідальність (НП) Л. Т. Левчук
260 ## - Публікація, розповсюдження і т.п. (Вихідні дані)
Місце публікації, розповсюдження і т.п. (П) Київ
Ім’я/ наймення видавництва, розповсюджувача і т.п. (П) Либідь
Дата публікації, розповсюдження і т.п. (П) 2000
300 ## - Фізичний опис
Обсяг 520 с.
650 #7 - Додаткове предметне введення – тематичний термін
Джерело заголовка чи терміна UDC
942 ## - Додаткові елементи входу (Коха)
Тип елемента Koha Книги
Source of classification or shelving scheme Universal Decimal Classification
955 ## - Код типу видання за змістом
Код типу видання за змістом (НП) інше
Фонди
Стан вилучень Стан втрат Джерело класифікації або схеми стелажів Стан уражень Не для кредиту Постійне місце розташування Поточне розміщення Дата придбання Вартість, звичайна ціна покупки Інвентарний номер Усього замовленно Повний номер виклику Штрих-код Перевірено Дата останнього перегляду Дата останньої перевірки Ціна ефективна від Тип елемента Koha
    Universal Decimal Classification     АБ - Абонемент НБ ЧЗ - Читальна зала 25/05/2004 10.80 78839 1 088(100)(091) І90 78839 24/10/2019 26/07/2019 26/07/2019 25/05/2004 Книги